[Event "South Wales Late Summer op"]
[Site "Cardiff"]
[Date "2022.09.03"]
[Round "3"]
[White "Goater, Kevin"]
[Black "Guy, David T"]
[Result "1-0"]
[WhiteElo "2045"]
[BlackElo "1858"]
[PlyCount "73"]
[EventDate "2022.09.02"]
[EventType "swiss"]
[EventRounds "5"]
[EventCountry "WLS"]
[SourceTitle "EXT 2024"]
[Source "ChessBase"]
[SourceDate "2023.10.10"]
[SourceVersion "1"]
[SourceVersionDate "2023.10.10"]
[SourceQuality "1"]

1. d4 Nf6 2. Nc3 d5 3. Bf4 a6 4. e3 e6 5. Nf3 Nbd7 6. Ne5 c5 7. Be2 Be7 8. a3 0-0 9. h4 Qb6 10. h5 Ne4 11. Nxe4 dxe4 12. Nxd7 Bxd7 13. Rb1 cxd4 14. exd4 Bc6 15. Be3 Qc7 16. c4 f5 17. g3 b5 18. Qb3 Qd7 19. Rc1 bxc4 20. Bxc4 Bd5 21. Bxd5 exd5 22. Bf4 Rfc8 23. 0-0 Qb5 24. Qa2 Rc4 25. b3 Rxd4 26. Be5 Rd3 27. Rc7 Bf6 28. Bxf6 gxf6 29. Rfc1 Qb6 30. Kh1 Rd8 31. Qc2 Qxb3 32. Qxb3 Rxb3 33. h6 Rdb8 34. Rg7+ Kf8 35. Rcc7 e3 36. Rxh7 Kg8 37. Rcg7+ 1-0

[Event "GBR-ch Seniors 50 108th"]
[Site "Torquay"]
[Date "2022.08.11"]
[Round "5"]
[White "Duncan, Christopher R"]
[Black "Goater, Kevin"]
[Result "1-0"]
[WhiteElo "2178"]
[BlackElo "2065"]
[PlyCount "81"]
[EventDate "2022.08.08"]
[EventType "swiss"]
[EventRounds "7"]
[EventCountry "ENG"]
[SourceTitle "EXT 2024"]
[Source "ChessBase"]
[SourceDate "2023.10.10"]
[SourceVersion "1"]
[SourceVersionDate "2023.10.10"]
[SourceQuality "1"]

1. d4 c6 2. c4 d5 3. Nc3 e6 4. e3 f5 5. f4 Nf6 6. Nf3 Bd6 7. Bd3 0-0 8. 0-0 Qe7 9. Bd2 Ne4 10. Be1 Nd7 11. Bh4 Ndf6 12. Ne5 Qe8 13. Qe2 b6 14. Rac1 Bb7 15. a3 Rc8 16. cxd5 exd5 17. Bxf6 Rxf6 18. g4 g6 19. gxf5 gxf5 20. Kh1 Kh8 21. Rg1 Bxe5 22. fxe5 Rg6 23. Qf3 Qe6 24. Ne2 Rcg8 25. Nf4 Rxg1+ 26. Rxg1 Rxg1+ 27. Kxg1 Qg8+ 28. Kh1 Bc8 29. Nh5 Qg5 30. Bxe4 dxe4 31. Qe2 Be6 32. Nf4 Bb3 33. Qh5 h6 34. Qe8+ Kh7 35. e6 Bd1 36. Qf7+ Qg7 37. Qxf5+ Kh8 38. Ng6+ Kg8 39. e7 Qf7 40. Qc8+ Kh7 41. Qh8+ 1-0

[Event "GBR-ch Seniors 50 108th"]
[Site "Torquay"]
[Date "2022.08.09"]
[Round "2"]
[White "Goater, Kevin"]
[Black "Brusey, Alan W"]
[Result "1/2-1/2"]
[WhiteElo "2065"]
[BlackElo "1994"]
[PlyCount "81"]
[EventDate "2022.08.08"]
[EventType "swiss"]
[EventRounds "7"]
[EventCountry "ENG"]
[SourceTitle "EXT 2024"]
[Source "ChessBase"]
[SourceDate "2023.10.10"]
[SourceVersion "1"]
[SourceVersionDate "2023.10.10"]
[SourceQuality "1"]

1. d4 d5 2. Bf4 Nf6 3. e3 c5 4. c3 e6 5. Nd2 Nc6 6. Ngf3 Bd6 7. Bg3 Bxg3 8. hxg3 Qd6 9. Bb5 0-0 10. Bxc6 bxc6 11. Qa4 cxd4 12. cxd4 c5 13. Qa3 Nd7 14. Rc1 Qa6 15. Qxa6 Bxa6 16. dxc5 Rab8 17. b3 Rfc8 18. c6 Rb6 19. Rh4 Rbxc6 20. Rxc6 Rxc6 21. Kd1 Nc5 22. Ne1 e5 23. f3 h6 24. Rb4 Rb6 25. Rxb6 axb6 26. Nb1 Kf8 27. Nc3 Bb7 28. Kd2 Ke7 29. b4 Ne6 30. Nd3 f6 31. Na4 b5 32. Nac5 Bc6 33. Nxe6 Kxe6 34. Nc5+ Kd6 35. g4 e4 36. Ke2 g6 37. Nb3 exf3+ 38. gxf3 Bd7 39. Nd4 Ke5 40. Kf2 Be8 41. Kg3 1/2-1/2

[Event "Leamington Spa 4NCL op 25th"]
[Site "Leamington Spa"]
[Date "2021.07.10"]
[Round "3"]
[White "Faulkner, Martin J"]
[Black "Goater, Kevin"]
[Result "0-1"]
[WhiteElo "1892"]
[BlackElo "2083"]
[PlyCount "86"]
[EventDate "2021.07.09"]
[EventType "swiss"]
[EventRounds "5"]
[EventCountry "ENG"]
[SourceTitle "CBM 203 Extra"]
[Source "ChessBase"]
[SourceDate "2021.09.30"]
[SourceVersion "1"]
[SourceVersionDate "2021.09.30"]
[SourceQuality "1"]

1. c4 c6 2. e4 d5 3. exd5 cxd5 4. cxd5 Nf6 5. Nc3 Nxd5 6. Nf3 Nxc3 7. bxc3 e6 8. d4 Nc6 9. Bd3 Be7 10. 0-0 Qc7 11. Re1 Bd7 12. Qe2 h6 13. Bd2 a6 14. d5 exd5 15. Nd4 Kf8 16. Qh5 Nxd4 17. cxd4 Bc6 18. Rac1 Qd6 19. h4 Kg8 20. Re3 g6 21. Qe2 Bxh4 22. Rh3 Bf6 23. Be3 Re8 24. Qd2 h5 25. Qc2 Bd7 26. Rh1 Rc8 27. Qb2 Rxc1+ 28. Qxc1 Qb6 29. Qa1 Kg7 30. f3 h4 31. Kf2 Qd6 32. f4 g5 33. g3 g4 34. Qd1 Qb4 35. f5 Qb2+ 36. Kg1 Kf8 37. Rh2 Qa3 38. gxh4 Bxf5 39. Bh6+ Rxh6 40. Bxf5 Qe3+ 41. Kh1 g3 42. Rh3 Bxd4 43. Qb1 Qf3# 0-1

[Event "BCF-chT3Sb 1920 (4NCL)"]
[Site "England"]
[Date "2020.02.09"]
[Round "6.74"]
[White "Wilson, Edgar"]
[Black "Goater, Kevin"]
[Result "1/2-1/2"]
[WhiteElo "2012"]
[BlackElo "2102"]
[PlyCount "44"]
[EventDate "2019.11.09"]
[EventType "team-tourn"]
[EventRounds "11"]
[EventCountry "ENG"]
[SourceTitle "EXT 2023"]
[Source "ChessBase"]
[SourceDate "2022.10.05"]
[SourceVersion "1"]
[SourceVersionDate "2022.10.05"]
[SourceQuality "1"]
[WhiteTeam "Oxford II"]
[BlackTeam "Wessex II"]
[WhiteTeamCountry "ENG"]
[BlackTeamCountry "ENG"]

1. e4 c6 2. Nc3 d5 3. Nf3 g6 4. d4 Bg7 5. Be2 Bg4 6. Be3 dxe4 7. Nxe4 Nf6 8. Nc5 b6 9. Nd3 Nd5 10. Nde5 Nxe3 11. fxe3 Bxf3 12. Nxf3 0-0 13. 0-0 Qd5 14. Qd3 e6 15. a3 Nd7 16. Rad1 c5 17. c3 Rad8 18. Kh1 Qa8 19. Ng5 Qb8 20. Qc4 Bf6 21. Nf3 cxd4 22. exd4 Rc8 1/2-1/2

[Event "GBR-ch 50+ 106th"]
[Site "Torquay"]
[Date "2019.08.04"]
[Round "7.8"]
[White "Wells, Jonathan C"]
[Black "Goater, Kevin"]
[Result "1/2-1/2"]
[WhiteElo "2004"]
[BlackElo "2089"]
[PlyCount "36"]
[EventDate "2019.07.29"]
[EventType "swiss"]
[EventRounds "7"]
[EventCountry "ENG"]
[SourceTitle "EXT 2021"]
[Source "ChessBase"]
[SourceDate "2020.10.23"]
[SourceVersion "1"]
[SourceVersionDate "2020.10.23"]
[SourceQuality "1"]

1. d4 g6 2. g3 Bg7 3. Bg2 c5 4. d5 d6 5. e4 Nf6 6. Ne2 0-0 7. c4 Na6 8. Nbc3 Nc7 9. 0-0 a6 10. a4 Rb8 11. a5 b6 12. axb6 Rxb6 13. Qc2 Bd7 14. Bd2 Qb8 15. Rab1 Nfe8 16. b3 f5 17. f3 Nf6 18. h3 Qc8 1/2-1/2

[Event "Basingstoke 4NCL Spring Bank 2nd"]
[Site "Basingstoke"]
[Date "2019.05.27"]
[Round "6"]
[White "Villiers, Thomas"]
[Black "Goater, Kevin"]
[Result "1/2-1/2"]
[WhiteElo "2195"]
[BlackElo "2084"]
[PlyCount "75"]
[EventDate "2019.05.24"]
[EventType "swiss"]
[EventRounds "7"]
[EventCountry "ENG"]
[SourceTitle "CBM 190 Extra"]
[Source "ChessBase"]
[SourceDate "2019.07.15"]
[SourceVersion "1"]
[SourceVersionDate "2019.07.15"]
[SourceQuality "1"]

1. d4 g6 2. e4 Bg7 3. Nc3 c5 4. dxc5 Bxc3+ 5. bxc3 Qa5 6. Qd4 Nf6 7. Qb4 Nc6 8. Qxa5 Nxa5 9. Bd3 0-0 10. f4 b6 11. e5 Bb7 12. Ne2 Nh5 13. cxb6 Bxg2 14. Rg1 Bd5 15. bxa7 Rxa7 16. Ba3 Re8 17. Bb4 Nc4 18. a4 f6 19. exf6 exf6 20. f5 Nf4 21. fxg6 hxg6 22. Rg4 g5 23. Bc5 Rc7 24. Kf2 Ne5 25. Rxf4 Nxd3+ 26. cxd3 gxf4 27. Bd4 f3 28. Ng1 Kf7 29. c4 Bc6 30. Nxf3 Rb7 31. a5 Rb3 32. Ne1 Rh8 33. Kg3 Rbb8 34. h4 Rbg8+ 35. Kh3 d5 36. Bf2 dxc4 37. dxc4 Rh5 38. a6 1/2-1/2

[Event "Basingstoke 4NCL Spring Bank 2nd"]
[Site "Basingstoke"]
[Date "2019.05.24"]
[Round "1"]
[White "Goater, Kevin"]
[Black "Ross, Stuart"]
[Result "1-0"]
[WhiteElo "2084"]
[BlackElo "1599"]
[PlyCount "83"]
[EventDate "2019.05.24"]
[EventType "swiss"]
[EventRounds "7"]
[EventCountry "ENG"]
[SourceTitle "CBM 190 Extra"]
[Source "ChessBase"]
[SourceDate "2019.07.15"]
[SourceVersion "1"]
[SourceVersionDate "2019.07.15"]
[SourceQuality "1"]

1. d4 Nf6 2. Nc3 d5 3. Bf4 e6 4. e3 c6 5. Bd3 Bd6 6. Bg3 0-0 7. Nf3 b6 8. Ne5 Qc7 9. Qe2 a5 10. f4 Nbd7 11. 0-0 Re8 12. Bh4 b5 13. a3 Be7 14. g4 Ne4 15. Bxe7 Nxc3 16. bxc3 Rxe7 17. Qf2 Nf6 18. Qh4 Ne4 19. Nxc6 Re8 20. Ne5 Qxc3 21. a4 bxa4 22. Rxa4 Ba6 23. Qe1 Qxe1 24. Rxe1 Bxd3 25. cxd3 Nc3 26. Ra3 Nb5 27. Rb3 Nd6 28. Ra1 f6 29. Nd7 Ra7 30. Nc5 e5 31. dxe5 fxe5 32. Rb6 Nc8 33. Rb5 exf4 34. exf4 Rae7 35. Rbxa5 Re2 36. R5a2 Rxa2 37. Rxa2 Re1+ 38. Kf2 Rc1 39. Nd7 Kf7 40. Ne5+ Ke6 41. Nf3 Rc6 42. Nd4+ 1-0

[Event "BCF-ch Seniors 50"]
[Site "Llandudno"]
[Date "2017.08.05"]
[Round "7"]
[White "Goater, Kevin"]
[Black "Faldon, David J"]
[Result "1-0"]
[WhiteElo "2128"]
[BlackElo "1911"]
[PlyCount "63"]
[EventDate "2017.07.30"]
[EventType "swiss"]
[EventRounds "7"]
[EventCountry "WLS"]
[SourceTitle "CBM 179 Extra"]
[Source "ChessBase"]
[SourceDate "2017.08.23"]
[SourceVersion "1"]
[SourceVersionDate "2017.08.23"]
[SourceQuality "1"]

1. d4 c5 2. c3 Nf6 3. Nf3 d5 4. dxc5 e6 5. b4 a5 6. Nbd2 b6 7. a4 bxc5 8. b5 Bb7 9. e3 c4 10. Be2 Nbd7 11. 0-0 Nc5 12. Qc2 Qc7 13. Ba3 Ng4 14. h3 h5 15. Bxc5 Bxc5 16. b6 Qd6 17. Rfd1 Bxe3 18. hxg4 Bxd2 19. Nxd2 hxg4 20. Nf1 f5 21. Bxc4 Qxb6 22. Rab1 Qc7 23. Qb2 0-0-0 24. Bd3 g5 25. Qb6 Qh7 26. Qxe6+ Rd7 27. Ng3 Qh2+ 28. Kf1 Rh6 29. Qe8+ Rd8 30. Bxf5+ Kc7 31. Qe7+ Kb8 32. Qxb7# 1-0

[Event "BCF-ch Seniors 50"]
[Site "Llandudno"]
[Date "2017.07.30"]
[Round "1"]
[White "Goater, Kevin"]
[Black "Shepherd, David"]
[Result "0-1"]
[WhiteElo "2128"]
[BlackElo "1924"]
[PlyCount "94"]
[EventDate "2017.07.30"]
[EventType "swiss"]
[EventRounds "7"]
[EventCountry "WLS"]
[SourceTitle "CBM 179 Extra"]
[Source "ChessBase"]
[SourceDate "2017.08.23"]
[SourceVersion "1"]
[SourceVersionDate "2017.08.23"]
[SourceQuality "1"]

1. d4 Nf6 2. Bf4 c5 3. e3 Qb6 4. Nc3 Qxb2 5. Nb5 Nd5 6. Bxb8 Rxb8 7. Rb1 Qxa2 8. Ra1 Qb2 9. Rb1 Qa2 10. dxc5 a6 11. Ra1 Qb2 12. Rb1 Qa2 13. Ra1 Qb2 14. Rb1 Qa2 15. c4 Qa5+ 16. Qd2 Qxd2+ 17. Kxd2 Nf6 18. Nc7+ Kd8 19. Nxa6 Ra8 20. Nb4 Ne4+ 21. Ke1 e6 22. Nd3 Nxc5 23. Nf3 f6 24. Nd2 Ra4 25. Be2 Nxd3+ 26. Bxd3 Kc7 27. Ke2 b6 28. Ra1 Rxa1 29. Rxa1 Bb7 30. f3 f5 31. Nb3 Bc5 32. g4 g6 33. h4 Ra8 34. Rb1 Ra2+ 35. Nd2 Bxf3+ 36. Kxf3 Rxd2 37. Bf1 fxg4+ 38. Kxg4 Bxe3 39. Ra1 Rf2 40. Kg3 Rf6 41. Rd1 Bc5 42. Bg2 Bd6+ 43. Kh3 Rf4 44. Bf1 Be7 45. Ra1 Bxh4 46. Ra7+ Kd6 47. c5+ Kxc5 0-1

[Event "Wakefield 4NCL op 14th"]
[Site "Wakefield"]
[Date "2017.07.14"]
[Round "1"]
[White "Herring, Samuel"]
[Black "Goater, Kevin"]
[Result "1/2-1/2"]
[WhiteElo "1907"]
[BlackElo "2128"]
[PlyCount "60"]
[EventDate "2017.07.14"]
[EventType "swiss"]
[EventRounds "5"]
[EventCountry "ENG"]
[SourceTitle "CBM 179 Extra"]
[Source "ChessBase"]
[SourceDate "2017.08.23"]
[SourceVersion "1"]
[SourceVersionDate "2017.08.23"]
[SourceQuality "1"]

1. d4 g6 2. e4 Bg7 3. Nf3 c5 4. c3 cxd4 5. cxd4 Nf6 6. Nc3 d5 7. e5 Ne4 8. Nxe4 dxe4 9. Ng5 Nc6 10. Be3 Qa5+ 11. Qd2 Qxd2+ 12. Kxd2 Bf5 13. Bb5 0-0 14. Rac1 Nb4 15. a3 Nd5 16. Rc5 Rad8 17. Ke2 b6 18. Rc2 h6 19. Nh3 Bg4+ 20. Ke1 Kh7 21. Ng1 Rc8 22. Kd2 Rfd8 23. h3 Be6 24. Rxc8 Bxc8 25. Kc2 Bb7 26. Ne2 a6 27. Ba4 b5 28. Bb3 Rc8+ 29. Kb1 e6 30. Rc1 Nxe3 1/2-1/2

[Event "Hastings Masters op 91st"]
[Site "Hastings"]
[Date "2016.01.04"]
[Round "8"]
[White "Goater, Kevin"]
[Black "Atako, Chino"]
[Result "0-1"]
[WhiteElo "2141"]
[BlackElo "2050"]
[PlyCount "64"]
[EventDate "2015.12.28"]
[EventType "swiss"]
[EventRounds "9"]
[EventCountry "ENG"]
[SourceTitle "CBM 170 Extra"]
[Source "ChessBase"]
[SourceDate "2016.02.25"]
[SourceVersion "1"]
[SourceVersionDate "2016.02.25"]
[SourceQuality "1"]

1. d4 f5 2. Nf3 Nf6 3. Bg5 e6 4. Nbd2 d5 5. e3 Be7 6. Ne5 0-0 7. Bd3 Nbd7 8. Ndf3 Nb6 9. Bxf6 gxf6 10. g4 fxe5 11. Nxe5 Bd6 12. gxf5 Bxe5 13. dxe5 exf5 14. Rg1+ Kh8 15. Qh5 Qe8 16. Qh6 Rf7 17. 0-0-0 Qxe5 18. Be2 Qf6 19. Qf4 Be6 20. h4 Rg7 21. h5 h6 22. Rg6 Rxg6 23. hxg6 Qxg6 24. Rh1 Kh7 25. Bh5 Qg7 26. Rh3 Nc4 27. c3 Ne5 28. Kc2 Qf6 29. Rh2 Rg8 30. f3 Rg1 31. Qd4 Qg7 32. Qd2 Nc4 0-1

[Event "Hastings Masters op 91st"]
[Site "Hastings"]
[Date "2016.01.01"]
[Round "5"]
[White "Batchelor, Peter"]
[Black "Goater, Kevin"]
[Result "1-0"]
[WhiteElo "2307"]
[BlackElo "2141"]
[PlyCount "95"]
[EventDate "2015.12.28"]
[EventType "swiss"]
[EventRounds "9"]
[EventCountry "ENG"]
[SourceTitle "CBM 170 Extra"]
[Source "ChessBase"]
[SourceDate "2016.02.25"]
[SourceVersion "1"]
[SourceVersionDate "2016.02.25"]
[SourceQuality "1"]

1. d4 g6 2. Nf3 Bg7 3. g3 c5 4. d5 d6 5. Bg2 Nd7 6. 0-0 b5 7. c4 a6 8. a4 b4 9. Nbd2 a5 10. Qc2 Rb8 11. Rb1 Nh6 12. e4 0-0 13. b3 Re8 14. Re1 f6 15. Bh3 Nf7 16. Bb2 Nf8 17. Bxc8 Qxc8 18. Re2 Qg4 19. Rf1 g5 20. Kh1 Ng6 21. Ng1 Qd7 22. f4 g4 23. Ref2 Rf8 24. Ne2 Qe8 25. Nc1 Nh6 26. Nd3 Rc8 27. Re1 Qd7 28. Nf1 Rce8 29. f5 Ne5 30. Nxe5 fxe5 31. Qe2 Kh8 32. Ne3 Rg8 33. Nxg4 Nxg4 34. Qxg4 Bf6 35. Qf3 Ref8 36. Rg1 Qe8 37. Bc1 Bg5 38. Bxg5 Rxg5 39. h4 Rg7 40. g4 h6 41. Rg3 Qf7 42. g5 hxg5 43. hxg5 Rh7+ 44. Rh3 Rxh3+ 45. Qxh3+ Qh7 46. Qxh7+ Kxh7 47. Rh2+ Kg7 48. Kg2 1-0

[Event "Guernsey op 38th"]
[Site "Guernsey"]
[Date "2012.10.23"]
[Round "3"]
[White "Downey, Keith"]
[Black "Goater, Kevin"]
[Result "0-1"]
[WhiteElo "1957"]
[BlackElo "2147"]
[PlyCount "120"]
[EventDate "2012.10.21"]
[EventType "swiss"]
[EventRounds "7"]
[EventCountry "GCI"]
[SourceTitle "EXT 2013"]
[Source "ChessBase"]
[SourceDate "2012.11.22"]
[SourceVersion "1"]
[SourceVersionDate "2012.11.22"]
[SourceQuality "1"]

1. Nf3 g6 2. d4 Bg7 3. g3 b6 4. Bg2 Bb7 5. 0-0 e6 6. c4 d6 7. Nc3 Ne7 8. b3 Nd7 9. Bb2 0-0 10. Qd2 h6 11. Rad1 a6 12. d5 e5 13. e4 Bc8 14. Nh4 g5 15. Nf3 f5 16. exf5 Nxf5 17. h3 Nf6 18. Nh2 Qe8 19. Ba1 Bd7 20. b4 a5 21. a3 axb4 22. axb4 Nd4 23. Bb2 Bf5 24. g4 Bg6 25. Ne2 Nxe2+ 26. Qxe2 Qa4 27. b5 Qb3 28. Rd2 Nd7 29. Rc1 Nc5 30. Bc3 Ra4 31. Bf1 Ne4 32. Rb2 Qa3 33. Be1 Qc5 34. Bg2 Nf6 35. Bd2 Qa3 36. Bc3 Raa8 37. Bb4 Qa7 38. Nf1 Nd7 39. Bc3 Nc5 40. Rd1 Qb8 41. Ne3 Qd8 42. Ra2 Rxa2 43. Qxa2 Qf6 44. Be1 Qf4 45. Nf1 Nd3 46. Ne3 e4 47. Qd2 Ne5 48. Qe2 Nf3+ 49. Bxf3 exf3 50. Qd2 Be5 51. Nf1 Qxc4 52. Rc1 Qxb5 53. Rxc7 Qa4 54. Ne3 Qf4 55. Nf1 Qf6 56. Rb7 h5 57. Rxb6 hxg4 58. hxg4 Be4 59. Qa2 Qf4 60. Ng3 Qxg4 0-1

[Event "Guernsey op"]
[Site "Grand Havre Bay"]
[Date "2010.10.23"]
[Round "7"]
[White "Goater, Kevin"]
[Black "Van Ingen, Ton"]
[Result "1/2-1/2"]
[WhiteElo "2154"]
[BlackElo "2058"]
[PlyCount "59"]
[EventDate "2010.10.17"]
[EventType "swiss"]
[EventRounds "7"]
[EventCountry "GCI"]
[SourceTitle "EXT 2011"]
[Source "ChessBase"]
[SourceDate "2010.11.26"]
[SourceVersion "1"]
[SourceVersionDate "2010.11.26"]
[SourceQuality "1"]

1. d4 f5 2. g3 Nf6 3. Bg2 g6 4. Nh3 Bg7 5. Nf4 0-0 6. h4 Qe8 7. h5 c6 8. hxg6 hxg6 9. Nc3 d6 10. d5 Na6 11. Be3 Nc7 12. Qd2 c5 13. Nh3 Rb8 14. Bh6 b5 15. Qg5 Qf7 16. Nf4 Nh7 17. Qxg6 Qxg6 18. Nxg6 Bxh6 19. Rxh6 Re8 20. 0-0-0 b4 21. Nb1 Ba6 22. e3 Kg7 23. Rdh1 Nf6 24. Nf4 Bc4 25. Nd2 Bxd5 26. Bxd5 Ncxd5 27. Nxd5 Nxd5 28. Rh7+ Kg8 29. Nf3 Nf6 30. R7h6 1/2-1/2